Sweden Skilling Banco Stamps 1855-1858 And Black Local Stamps (Record no. 692)

000 -LEADER
fixed length control field 00301nam a22001217a 4500
003 - CONTROL NUMBER IDENTIFIER
control field OSt
008 - FIXED-LENGTH DATA ELEMENTS--GENERAL INFORMATION
fixed length control field 150215b xxu||||| |||| 00| 0 eng d
041 ## - LANGUAGE CODE
Language code of text/sound track or separate title eng
100 1# - MAIN ENTRY--PERSONAL NAME
Personal name Menzinsky,Georg
245 10 - TITLE STATEMENT
Title Sweden Skilling Banco Stamps 1855-1858 And Black Local Stamps
260 ## - PUBLICATION, DISTRIBUTION, ETC. (IMPRINT)
Name of publisher, distributor, etc. 1962
Date of publication, distribution, etc. 1964
300 ## - PHYSICAL DESCRIPTION
Extent 0 pages
Holdings
Withdrawn status Lost status Source of classification or shelving scheme Damaged status Not for loan Permanent Location Current Location Date acquired Total Checkouts Full call number Barcode Date last seen Copy number Price effective from Koha item type
          Northern Philatelic Library Northern Philatelic Library 02/15/2015   G6951 .D313 M551 1001140 06/28/2015 1 06/28/2015 Books
          Northern Philatelic Library Northern Philatelic Library 02/17/2016   G6951 .D313 M551 1002035 02/17/2016 2 02/17/2016  

Powered by Koha